000
00196nam a2200085Ia 4500
008
230915s9999 xx 000 0 und d
050
_a
T385 .A36 2004
245
0
_a
CLASSROOM IN A BOOK
942
_c
BK
999
_c
202816
_d
202816